Instruments for measuring soil creep /

Bibliographic Details
Main Author: Anderson, E. W.
Other Authors: Finlayson, Brian
Format: Book
Language:English
Published: Norwich, England : published for the British Geomorphological Research Group by Geo Abstracts Ltd., Univ. of East Anglia, [1975]
Series:Technical bulletin (British Geomorphological Research Group) ; no. 16.
Subjects:

MARC

Tag First Indicator Second Indicator Subfields
LEADER 00000cam a2200000 a 4500
001 in00000088262
005 20151008063117.0
008 760802s1975 enka b 00010 engm
010 |a  76368048  
015 |a GB*** 
020 |a 090224647X :  |c 90.90 
035 |a (OCoLC)02402100 
035 |9 AAK1598AM 
040 |a DLC  |c DLC  |d m.c.  |d TXA  |d UtOrBLW 
049 |a TXAM  |c [1561715] 
050 0 0 |a TA710  |b  A53 
082 0 |a 624/.1513 
100 1 |a Anderson, E. W. 
245 1 0 |a Instruments for measuring soil creep /  |c E. W. Anderson and B. Finlayson. 
264 1 |a Norwich, England :  |b published for the British Geomorphological Research Group by Geo Abstracts Ltd., Univ. of East Anglia,  |c [1975] 
300 |a 51 pages :  |b illustrations ;  |c 21 cm. 
336 |a text  |b txt  |2 rdacontent 
337 |a unmediated  |b n  |2 rdamedia 
338 |a volume  |b nc  |2 rdacarrier 
490 1 |a Technical bulletin / British Geomorphological Research Group ;  |v  no. 16 
500 |a Cover title. 
504 |a Bibliography: pages 49-51. 
650 0 |a Soils  |x Creep. 
700 1 |a Finlayson, Brian. 
830 0 |a Technical bulletin (British Geomorphological Research Group) ;  |v no. 16. 
999 |a MARS 
999 f f |s 748f5eaf-4045-3aea-adfb-01d50fa52dc0  |i 9d00d29c-43b1-3eb2-818f-693b2b83a5e1  |t 0 
952 f f |p ric  |a Texas A&M University  |b Rellis Campus  |c Joint Library Facility  |d Remote Storage  |t 0  |e TA710 A53  |h Library of Congress classification  |i unmediated -- volume  |m A14805975299 
998 f f |a TA710 A53  |t 0  |l Remote Storage